| 000 | 00957nam a2200277 i 4500 | ||
|---|---|---|---|
| 003 | DO-SdBNP | ||
| 005 | 20251002100700.0 | ||
| 007 | ta | ||
| 008 | 210705e200- dr |||||r|||| 00| 0 spa d | ||
| 040 |
_aDO-SdBNP _bspa _cBNPHU _erda |
||
| 041 | _aspa | ||
| 082 | 4 |
_axxx _bG643v _222 |
|
| 100 | 1 |
_aGonzález Ramírez , Eddy Manuel, _eautor _4aut. _979095 |
|
| 245 | 1 | 0 |
_aVolumen del éxodo y el tercer del Apocalipsis capítulo 5 / _cEddy Manuel González Ramírez |
| 264 | 1 |
_aSanto Domingo : _beditor sin identificar, _c200?. |
|
| 300 |
_a238 páginas ; _c21 cm |
||
| 336 |
_atexto _btxt _2rdacontent |
||
| 337 |
_asin mediación _bn _2rdamedia |
||
| 338 |
_avolumen _bnc _2rdacarrier |
||
| 590 | _aInventariado 2021 / MF | ||
| 650 | 4 |
_946722 _aBiblia _xParáfrasis |
|
| 650 | 4 |
_955424 _aBiblia.-A.T.-Éxodo _xCrítica, Interpretación, etc. |
|
| 650 | 4 |
_941764 _aBiblia-N.T.-Apocalipsis _xCrítica, Interpretación, etc. |
|
| 910 | _aMFeliz | ||
| 942 |
_2ddc _cLBS1 |
||
| 999 |
_c50047 _d50047 |
||